| 000 | 00766nam a22002537a 4500 | ||
|---|---|---|---|
| 005 | 20151229092905.0 | ||
| 008 | 091202s2010 nyua 001 0 eng | ||
| 020 | _a9780071629324 | ||
| 020 | _a0071629327 | ||
| 041 | 0 | _aeng | |
| 080 | _a004 | ||
| 100 | 1 | _aDesbiens, Frédéric. | |
| 245 | 1 | 0 |
_aOracle WebCenter 11g handbook : _cFrédéric Desbiens, Peter Moskovits, Philipp Weckerle. |
| 260 |
_aNew York : _bMcGraw-Hill, _c2010. |
||
| 300 |
_a498 f. : _bme il.; _c23 cm. |
||
| 505 | _aIndex: f. 481 - 498 | ||
| 630 | 0 | 0 | _aOracle (Computer file) |
| 650 | 0 | _aKompjuterat | |
| 650 | 0 | _aProgramim | |
| 650 | 0 | _aInternet | |
| 700 | 1 | _aMoskovits, Peter. | |
| 700 | 1 | _aWeckerle, Philipp. | |
| 942 |
_2udc _cBK |
||
| 999 |
_c560 _d560 |
||